000 00432nam a2200157Ia 4500
008 230125s9999 xx 000 0 und d
020 _a81-7492-117-6
041 _aeng
082 _a658.5
_bAMB
100 _aAmbade, V.
_9116074
245 _aUtpadakta Vadh
_bTantra Aani Mantra Bhag- 1, 2 & 3
260 _c2014
_bMadhuraj publications
_aPune
300 _a54p
440 _v1
700 _aAmbade, V. & Vasant Ambade, Donor
_9116075
999 _c93765
_d93765